artist by painting 1 - Statistics

General Stats
  • This quiz has been taken 44 times
  • The average score is 11 of 16
Answer Stats
Picture Answer % Correct
Leonardo Da Vinci
100%
Vincent Van Gogh
95%
Claude Monet
91%
Frida Kahlo
88%
Pablo Picasso
88%
Salvador Dalí
88%
Johannes Vermeer
77%
Michelangelo
77%
Gustav Klimt
74%
Jackson Pollock
65%
Edward Hopper
63%
Rembrandt van Rijn
63%
René Magritte
56%
Paul Cézanne
44%
John-Michel Basquiat
37%
Norman Rockwell
5%
No matching quizzes found
Score Distribution
Percent of People with Each Score
Percentile by Number Answered
Your Score History
You have not taken this quiz